10 Most Visited Cities in China - Statistics

General Stats
  • This quiz has been taken 112 times
  • The average score is 7 of 10
Answer Stats
City % Correct
Shanghai
100%
Beijing
99%
Guangzhou
95%
Hong Kong
91%
Xi'an
90%
Chengdu
87%
Hangzhou
60%
Suzhou
33%
Guilin
16%
Sanya
13%
No matching quizzes found
Score Distribution
Percent of People with Each Score
Percentile by Number Answered
Your Score History
You have not taken this quiz